Oeuvres complètes. (Record no. 186486)
[ view plain ]
| 000 -LEADER | |
|---|---|
| campo de control de longitud fija | 01368nam a2200253 i 4500 |
| 001 - NÚMERO DE CONTROL | |
| campo de control | 186486 |
| 003 - IDENTIFICADOR DE NÚMERO DE CONTROL | |
| campo de control | SpMaBN |
| 005 - FECHA Y HORA DE LA ÚLTIMA TRANSACCIÓN | |
| campo de control | 20250918063044.0 |
| 008 - DATOS DE LONGITUD FIJA--INFORMACIÓN GENERAL | |
| campo de control de longitud fija | 161117s1983 fr |||| |dfre d |
| 020 ## - NÚMERO INTERNACIONAL ESTÁNDAR DEL LIBRO | |
| Número Internacional Estándar del Libro | 2-07-010360-9 |
| 080 ## - NÚMERO DE LA CLASIFICACIÓN DECIMAL UNIVERSAL | |
| Número de la Clasificación Decimal Universal | 821.133.1-82"16" |
| 100 1# - ENTRADA PRINCIPAL--NOMBRE DE PERSONA | |
| Nombre de persona | Molière, |
| Fechas asociadas al nombre | 1622-1673 |
| 9 (RLIN) | 81873 |
| 245 10 - MENCIÓN DEL TÍTULO | |
| Título | Oeuvres complètes. |
| Número de parte o sección de la obra | I / |
| Mención de responsabilidad, etc. | Molière ; textes établis, présentés et annotés par Georges Couton. |
| 260 ## - PUBLICACIÓN, DISTRIBUCIÓN, ETC. | |
| Lugar de publicación, distribución, etc. | [Paris] : |
| Nombre del editor, distribuidor, etc. | Gallimard, |
| Fecha de publicación, distribución, etc. | [1983] |
| 300 ## - DESCRIPCIÓN FÍSICA | |
| Extensión | 1 v. (LXVIII, 1414 p.) ; |
| Dimensiones | 18 cm. |
| 490 1# - MENCIÓN DE SERIE | |
| Mención de serie | Bibliothèque de la Pléiade ; |
| Designación de volumen o secuencia | 8 |
| 500 ## - NOTA GENERAL | |
| Nota general | Cronología. |
| 504 ## - NOTA DE BIBLIOGRAFÍA, ETC. | |
| Nota de bibliografía, etc. | Bibliografía: p. [LXI]-LXVIII. |
| 505 8# - NOTA DE CONTENIDO CON FORMATO | |
| Nota de contenido con formato | Contiene: v. 1 ; |
| Título | La jalousie de barbouillé ; |
| -- | Les médicin volant ; |
| -- | L'etourdi ou les contretemps ; |
| -- | Dépit amoureux ; |
| -- | Les précieuses ridicules ; |
| -- | Sganarelle ou le cocu imaginaire ; |
| -- | Dom Garcie de Navarre ou le prince Jaloux ; |
| -- | L'ecole des maris ; |
| -- | Les fâcheux ; |
| -- | L'ecole des femmes ; |
| -- | Remmerciement au roi ; |
| -- | La critique de l'cole des femmes ; |
| -- | L'impromptu de Versailles ; |
| -- | Le mariage forcé ; |
| -- | Les plaisirs de l'île enchantée ; |
| -- | La princesse d'Élide ; |
| -- | Le tartuffe ou l'imposteur |
| 700 1# - ENTRADA AGREGADA--NOMBRE PERSONAL | |
| Nombre de persona | Couton, Georges. |
| 9 (RLIN) | 41331 |
| 830 0# - PUNTO DE ACCESO ADICIONAL DE SERIE-TÍTULO UNIFORME | |
| Título uniforme | Bibliothèque de la Pléiade ; |
| Designación de volumen o secuencia | 8 |
| 9 (RLIN) | 180233 |
| 852 ## - LOCALIZACIÓN | |
| Ubicación | ES-MaACL |
| Número de control de estantería | L-30830 |
| Nota libre | - enc. guaflex |
| -- | . - Donat. Miguel A. Velasco |
| Estatus retirado | Estado de pérdida | Estado de daño | No para préstamo | Biblioteca de origen | Biblioteca actual | Ubicación en estantería | Fecha de adquisición | Fuente de adquisición | Total de préstamos | Signatura topográfica completa | Código de barras | Visto por última vez | Precio de reemplazo | Tipo de ítem Koha |
|---|---|---|---|---|---|---|---|---|---|---|---|---|---|---|
| Biblioteca del Ateneo de Madrid | Biblioteca del Ateneo de Madrid | Depósito 2 | 17/11/2016 | L-30830 | 1196651 | 23/02/2023 | 23/02/2023 | Libro impreso |
